Discografía de Canserbero - Estadísticas

Estadísticas generales
  • Esta prueba ha sido intentada 52 veces
  • La puntuación promedio es 31 de 90
Estadísticas de respuestas
Respuesta % Correcto
Maquiavélico
85%
Es Épico
80%
Llovía
80%
Mundo de Piedra
75%
Vida
75%
Pensando en Ti
70%
C'est La Mort
65%
Jeremías 17-5
65%
Querer Querernos
65%
Stupid Love Story
60%
Apa y Can
55%
En el Valle de las Sombras
55%
Índigo
50%
Mañana Será Otro Día
50%
Stop
50%
Visiones
50%
Aceptas
45%
CANbiate
45%
Clima Tropical
45%
De Mi Muerte
45%
La Hora del Juicio
45%
Ley del Hielo
45%
Perdiendo la Fe
45%
Ready
45%
Sin Mercy
45%
Un Día en el Barrio
45%
Y la Felicidad Qué
45%
Buenas Noches
40%
Cuando Vayas Conmigo
40%
El Mundo Abc
40%
El Primer Trago
40%
Epílogo
40%
Epílogo
40%
Epílogo
40%
Guía Para la Acción
40%
Martillos y Ruedas
40%
Mucho Gusto
40%
Uno Por Ellas
40%
Y en un Espejo Vi
40%
Hasta Cuándo
35%
Interludio
35%
Ouroboros
35%
Ser Vero
35%
Agradezco
30%
CANpesino
30%
El Mundo ya Se Acabó
30%
Huno
30%
Na
30%
Prólogo
30%
PROlogo
30%
A Dónde se Fue la Conciencia
25%
Americanos
25%
CANción de la Prisión
25%
Corazones de Piedra
25%
Hace Falta Soñar
25%
La del Estribo
25%
Monte y Culebra
25%
Ni de Oro ni de Goldfield
25%
No Justice
25%
Perdón
25%
Quién Eres
25%
Únetenos
25%
Adivina
20%
Advertencia
20%
Así Mismo
20%
De la vida como película y su tragedia, comedia y ficción
20%
Despierta
20%
Jamming Sin Fronteras
20%
Les Guste o No
20%
Level
20%
Pónmela en el Aire
20%
Seamos Honestos
20%
Te Quiero
20%
Zoo
20%
Corre
15%
Darealhipapitis
15%
Interludio K219
15%
Intro Music
15%
No no
15%
No Pueden Llamarse Muertos
15%
On Datop
15%
Outro Chavo
15%
RA Words
15%
Sigo Siendo el Rey
15%
All You Need Is Hate
10%
CAN you hear it
10%
Is Canzoo
10%
La Voz
10%
Rialaif
10%
Tiempos de Cambio
5%
No se encontraron pruebas coincidentes
Distribución de puntuación
Porcentaje de gente con cada puntuación
Porcentaje por número respondido
Historial de tus puntuaciones
No has intentado esta prueba.